Countries of the world on an anamorphic map - Statistics

General Stats
  • This quiz has been taken 31 times
  • The average score is 168 of 196
Answers on the Map
Answers color-coded by a green-red scale on the quiz's map according to % correct below.
 
Answer Stats
Hint Hint Country % Correct
528.0 149.2 Afghanistan
94%
425.5 124.0 Albania
94%
384.2 167.2 Algeria
94%
384.0 118.7 Andorra
94%
420.0 301.2 Angola
94%
234.0 373.0 Argentina
94%
480.5 125.0 Armenia
94%
683.0 342.0 Australia
94%
414.2 100.9 Austria
94%
143 66 Canada
94%
151.0 182.0 Mexico
94%
153 129 United States
94%
241.4 204.0 Antigua and Barbuda
88%
487.6 125.0 Azerbaijan
88%
209.0 180.9 Bahamas
88%
246.5 217.0 Barbados
88%
443.4 81.2 Belarus
88%
391.0 91.0 Belgium
88%
385.7 225.0 Benin
88%
584.1 169.4 Bhutan
88%
236.0 319.0 Bolivia
88%
421.0 113.0 Bosnia and Herzegovina
88%
266 294 Brazil
88%
638.6 246.1 Brunei
88%
437.8 117.9 Bulgaria
88%
616.0 219.1 Cambodia
88%
407.0 247.0 Cameroon
88%
422.6 209.4 Chad
88%
218 384 Chile
88%
615.0 140.9 China
88%
216.3 247.5 Colombia
88%
479.4 301.4 Comoros
88%
418.0 108.0 Croatia
88%
206.0 190.2 Cuba
88%
455.3 143.7 Cyprus
88%
414.0 93.8 Czech Republic
88%
401.5 73.5 Denmark
88%
242.4 209.5 Dominica
88%
221 197 Dominican Republic
88%
204.0 265.5 Ecuador
88%
447.0 171.3 Egypt
88%
180.4 215.0 El Salvador
88%
439.0 64.8 Estonia
88%
470.0 234.2 Ethiopia
88%
782.9 320.1 Fiji
88%
437 52 Finland
88%
386 105 France
88%
479 120 Georgia
88%
404.0 89.9 Germany
88%
430 129 Greece
88%
241.6 220.6 Grenada
88%
177.4 210.0 Guatemala
88%
353.3 224.2 Guinea
88%
248 242 Guyana
88%
218 196 Haiti
88%
184.5 210.7 Honduras
88%
424.4 103.1 Hungary
88%
341 43 Iceland
88%
556 185.9 India
88%
635.5 264 Indonesia
88%
501.3 152.5 Iran
88%
478.8 149.9 Iraq
88%
363.0 82.5 Ireland
88%
416.4 124.2 Italy
88%
693.3 140.0 Japan
88%
462.3 158.9 Jordan
88%
533.0 100.0 Kazakhstan
88%
465.8 259.9 Kenya
88%
427.5 118.5 Kosovo
88%
610.3 194.9 Laos
88%
438.0 70.6 Latvia
88%
444.0 360.5 Lesotho
88%
359.2 239.6 Liberia
88%
434.3 76.3 Lithuania
88%
394.3 94.2 Luxembourg
88%
486.0 324.3 Madagascar
88%
610.3 247.2 Malaysia
88%
377 202.2 Mali
88%
412.9 141.1 Malta
88%
760.6 232.2 Marshall Islands
88%
397.2 114.5 Monaco
88%
614.2 104.1 Mongolia
88%
423.7 117.8 Montenegro
88%
366.0 153.5 Morocco
88%
467 309.5 Mozambique
88%
597.0 188.5 Myanmar
88%
755 264 Nauru
88%
569.8 166.5 Nepal
88%
393 86.9 Netherlands
88%
776.7 391.9 New Zealand
88%
188.2 218.1 Nicaragua
88%
403.3 203.9 Niger
88%
398.0 230.8 Nigeria
88%
665.7 127 North Korea
88%
429.5 121.7 North Macedonia
88%
401.7 57 Norway
88%
509.33 187.2 Oman
88%
535.7 164.2 Pakistan
88%
198 232.5 Panama
88%
703.7 282.4 Papua New Guinea
88%
248.9 339.7 Paraguay
88%
208 292 Peru
88%
657 220.6 Philippines
88%
423.6 87.1 Poland
88%
361.7 127.6 Portugal
88%
436.7 107.1 Romania
88%
577 52 Russia
88%
447.8 267.7 Rwanda
88%
243.2 214.6 Saint Lucia
88%
802.8 307.7 Samoa
88%
408.5 113.9 San Marino
88%
482.1 179.9 Saudi Arabia
88%
347 212 Senegal
88%
427.6 113.0 Serbia
88%
614.2 256.7 Singapore
88%
423.0 98.0 Slovakia
88%
413.0 106.5 Slovenia
88%
742.1 295.0 Solomon Islands
88%
488 230 Somalia
88%
431 365 South Africa
88%
669 139 South Korea
88%
449.6 239.5 South Sudan
88%
372 127.5 Spain
88%
448.5 209.5 Sudan
88%
254.4 248.1 Suriname
88%
414.3 60.5 Sweden
88%
398.4 103.5 Switzerland
88%
652.9 182.1 Taiwan
88%
545.2 133.5 Tajikistan
88%
608.0 207.9 Thailand
88%
383.0 232.4 Togo
88%
798.1 328.7 Tonga
88%
242.5 226.6 Trinidad and Tobago
88%
401 148 Tunisia
88%
460.3 130.6 Turkey
88%
785 295.3 Tuvalu
88%
502.0 182.5 United Arab Emirates
88%
377 86 United Kingdom
88%
254.9 370.2 Uruguay
88%
408.5 120.7 Vatican City
88%
232 235 Venezuela
88%
624.3 219.9 Vietnam
88%
488.3 208.2 Yemen
88%
447.0 325.0 Zimbabwe
88%
494.3 174.0 Bahrain
81%
583.0 181.8 Bangladesh
81%
180.9 203.6 Belize
81%
435.0 336.1 Botswana
81%
377.0 219.0 Burkina Faso
81%
427.6 239.0 Central African Republic
81%
192.0 228.0 Costa Rica
81%
433.0 267.2 Democratic Republic of the Congo
81%
476.4 221.6 Djibouti
81%
404.0 255.8 Equatorial Guinea
81%
466.3 209.2 Eritrea
81%
451.3 350.1 Eswatini
81%
717.7 235.2 Federated States of Micronesia
81%
344 216 Gambia
81%
378.2 234.5 Ghana
81%
459.0 157.0 Israel
81%
206 200.2 Jamaica
81%
21.0 272.0 Kiribati
81%
487.0 162.9 Kuwait
81%
548.0 122.0 Kyrgyzstan
81%
461.7 146.8 Lebanon
81%
419.3 172.9 Libya
81%
402.0 103.1 Liechtenstein
81%
456.0 307.0 Malawi
81%
354 195.5 Mauritania
81%
510.1 329.1 Mauritius
81%
444.4 102.0 Moldova
81%
680.5 241.3 Palau
81%
495.7 176.2 Qatar
81%
416.9 260.5 Republic of the Congo
81%
239.4 203.4 Saint Kitts and Nevis
81%
242.7 216.8 Saint Vincent and the Grenadines
81%
354.0 232.9 Sierra Leone
81%
562 235.3 Sri Lanka
81%
467.0 143.0 Syria
81%
459.1 282.5 Tanzania
81%
513.0 130.6 Turkmenistan
81%
453.1 256.6 Uganda
81%
450.6 96.0 Ukraine
81%
525 122.5 Uzbekistan
81%
759 318.6 Vanuatu
81%
438 310 Zambia
81%
326.7 206.9 Cape Verde
75%
664.3 290.8 East Timor
75%
406.5 264 Gabon
75%
347.7 220.3 Guinea-Bissau
75%
368.0 235.9 Ivory Coast
75%
545.9 248.9 Maldives
75%
418 328 Namibia
75%
395.5 260.6 São Tomé and Príncipe
75%
506.5 276 Seychelles
75%
447.8 272.6 Burundi
69%
No matching quizzes found
Score Distribution
Percent of People with Each Score
Percentile by Number Answered
Your Score History
You have not taken this quiz